00580nam a2200121Ia 4500008004100000100003500041245019000076250001100266260005500277300002200332650005700354650004700411180815s9999 xx 000 0 und d aPresidential Management Staff. cPresidential Management Staff.--aCompleting our unfinished business through unity,solidarity and teamwork :ba technical report on the 1997 accomplishment of the Ramos administration / a1st ed aPhilippines :bPresidential Management Staffc1997 axviii, 273 pages. aPhilippines -- Politics and government -- 1992-1998. aPhilippines, President (1992-1998 :Ramos).